[Event "Thüringenliga 2012/2013"]
[Site "?"]
[Date "2013.04.21"]
[Round "9"]
[White "Stiefel, Roland"]
[Black "Schätz, Bianca"]
[Result "1-0"]
[WhiteElo "1994"]
[BlackElo "1836"]
[PlyCount "91"]
[EventDate "2013.??.??"]
[WhiteTeam "SSV Vimaria 91 Weimar"]
[BlackTeam "SG Arnstadt-Stadtilm"]

1. d4 d5 2. Bf4 Nf6 3. e3 e6 4. Nd2 Bd6 5. Bg3 O-O 6. Bd3 b6 7. Ngf3 Bb7 8. Ne5
c5 9. c3 Qc7 10. O-O Nc6 11. f4 Ne7 12. Qf3 Nf5 13. Bf2 Be7 14. Ng4 Nd6 15.
Nxf6+ Bxf6 16. g4 Be7 17. f5 exf5 18. gxf5 f6 19. Bg3 Qd7 20. Qh5 Qe8 21. Qg4
Nf7 22. Bf4 Bd6 23. Rf3 Bxf4 24. Qxf4 Qe7 25. Rg3 Ng5 26. h4 Ne4 27. Nxe4 dxe4
28. Bc4+ Kh8 29. Be6 Rad8 30. Kh2 Rd7 31. Rag1 Rc7 32. d5 Rd8 33. c4 Qd6 34.
Qxe4 b5 35. b3 bxc4 36. bxc4 Ba6 37. h5 h6 38. Kh3 Rb8 39. Qg2 Qe7 40. d6 Qe8
41. Rg6 Rcb7 42. Qd5 Rd8 43. e4 Qa4 44. Qd2 Kh7 45. Qg2 Qa3+ 46. Rg3 1-0

[Event "Thüringenliga 2012/2013"]
[Site "?"]
[Date "2013.04.21"]
[Round "9"]
[White "Bächer, Reinhard"]
[Black "Gulich, Christian"]
[Result "1/2-1/2"]
[WhiteElo "1852"]
[BlackElo "1936"]
[PlyCount "92"]
[EventDate "2013.??.??"]
[WhiteTeam "SG Arnstadt-Stadtilm"]
[BlackTeam "SSV Vimaria 91 Weimar"]

1. e4 c5 2. Nf3 d6 3. Bb5+ Bd7 4. Bxd7+ Qxd7 5. c4 Nc6 6. d4 cxd4 7. Nxd4 g6 8.
O-O Bg7 9. Be3 Nf6 10. f3 O-O 11. Nc3 a6 12. Rc1 Rfc8 13. Na4 Qd8 14. Nxc6 Rxc6
15. Qb3 Qc7 16. Nb6 Re8 17. Nd5 Qb8 18. Nb4 Rcc8 19. Rfd1 h5 20. Nd3 Nd7 21.
Nf4 Be5 22. g3 Nc5 23. Qa3 Rc6 24. b4 Nd7 25. c5 h4 26. Kg2 Kg7 27. Ne2 Nf8 28.
f4 Bf6 29. Nd4 Rcc8 30. Nf3 Red8 31. g4 Kg8 32. Qb3 dxc5 33. e5 c4 34. Rxc4
Rxd1 35. Rxc8 Qxc8 36. Qxd1 Qxg4+ 37. Kf2 Bg7 38. Qd5 Ne6 39. Qxb7 Bh6 40. Qxa6
Bxf4 41. Qc8+ Kg7 42. Bxf4 Qxf4 43. Qc3 g5 44. Qd2 Qf5 45. Kg2 Nf4+ 46. Kf2
Nd3+ 1/2-1/2

[Event "Thüringenliga 2012/2013"]
[Site "?"]
[Date "2013.04.21"]
[Round "9"]
[White "Schawelka, Karl"]
[Black "Hattendorf, Jens"]
[Result "0-1"]
[WhiteElo "1966"]
[BlackElo "1892"]
[PlyCount "120"]
[EventDate "2013.??.??"]
[WhiteTeam "SSV Vimaria 91 Weimar"]
[BlackTeam "SG Arnstadt-Stadtilm"]

1. d4 Nf6 2. c4 d6 3. Nc3 Nbd7 4. e4 e5 5. d5 Nc5 6. f3 a5 7. Be3 Be7 8. Nge2
Nh5 9. g4 Bh4+ 10. Kd2 Nf4 11. Nxf4 exf4 12. Bxf4 Bg5 13. Bxg5 Qxg5+ 14. Kc2 h5
15. h4 Qe5 16. g5 f5 17. gxf6 gxf6 18. Nb5 Kd8 19. Qd4 Qf4 20. Bg2 Nd7 21. Qd2
Qg3 22. f4 Nc5 23. Rae1 Rg8 24. Re2 Bg4 25. Rf2 Nd3 26. Rff1 Bd7 27. Qxd3 Qxg2+
28. Kc1 Bxb5 29. cxb5 Kd7 30. Qd4 Rae8 31. Rhg1 Qe2 32. Re1 Rxg1 33. Qxg1 Qc4+
34. Kb1 Qd3+ 35. Ka1 Re7 36. Qg6 Qxd5 37. a3 Qf7 38. Qf5+ Kd8 39. Rg1 Re8 40.
e5 Re6 41. Rd1 Ke7 42. b6 cxb6 43. exd6+ Rxd6 44. Qe4+ Re6 45. Qxb7+ Kf8 46.
Qb8+ Kg7 47. f5 Re5 48. Rg1+ Kh7 49. Qxb6 Rxf5 50. Qe3 Re5 51. Qf4 Qe7 52. Qg3
Qf7 53. Kb1 Re4 54. Rc1 Re7 55. Qc3 Qg6+ 56. Ka1 Qf5 57. Qc4 Qg4 58. Qc5 Re5
59. Qa7+ Kh6 60. Rg1 Re7 0-1

[Event "Thüringenliga 2012/2013"]
[Site "?"]
[Date "2013.04.21"]
[Round "9"]
[White "Maaz, Ernst"]
[Black "Scheitz, Michael"]
[Result "0-1"]
[WhiteElo "1867"]
[BlackElo "1854"]
[PlyCount "48"]
[EventDate "2013.??.??"]
[WhiteTeam "SG Arnstadt-Stadtilm"]
[BlackTeam "SSV Vimaria 91 Weimar"]

1. d4 d5 2. e3 c5 3. c3 Nf6 4. dxc5 e6 5. b4 a5 6. Bb2 axb4 7. cxb4 b6 8. Bb5+
Bd7 9. Bxd7+ Nbxd7 10. Nf3 bxc5 11. bxc5 Bxc5 12. O-O O-O 13. Nbd2 Qe7 14. a4
e5 15. Qe2 e4 16. Nd4 Ne5 17. N2b3 Bb4 18. Nb5 Nd3 19. Bc3 Bxc3 20. Nxc3 Qb4
21. Qc2 Rfc8 22. Rfc1 Nxc1 23. Rxc1 Rxa4 24. Nd4 Rxc3 0-1

[Event "Thüringenliga 2012/2013"]
[Site "?"]
[Date "2013.04.21"]
[Round "9"]
[White "Gräf, Michael"]
[Black "Hoyer, Willy"]
[Result "1-0"]
[WhiteElo "1843"]
[BlackElo "1679"]
[PlyCount "75"]
[EventDate "2013.??.??"]
[WhiteTeam "SSV Vimaria 91 Weimar"]
[BlackTeam "SG Arnstadt-Stadtilm"]

1. d4 d5 2. Nf3 c6 3. e3 Bf5 4. Bd3 Bxd3 5. Qxd3 e6 6. Nbd2 Nf6 7. O-O Bd6 8.
Re1 Nbd7 9. e4 dxe4 10. Nxe4 Nxe4 11. Rxe4 Nf6 12. Rh4 Qc7 13. c4 O-O-O 14. Qc2
h6 15. c5 Be7 16. Bf4 Qa5 17. Bd2 Qc7 18. Qa4 Nd5 19. Rg4 Bf6 20. Qxa7 Qb8 21.
Qa4 Kd7 22. Re1 Ke7 23. b4 Qc7 24. Qb3 Ra8 25. a4 Rhb8 26. a5 Ra6 27. Rge4 Kf8
28. Ne5 Rd8 29. Nc4 Qd7 30. Qg3 Ne7 31. Nd6 Nf5 32. Nxf5 exf5 33. R4e2 Qxd4 34.
Qc7 Raa8 35. Qxb7 Rab8 36. Qxc6 Qc4 37. a6 Rxd2 38. Re8+ 1-0

[Event "Thüringenliga 2012/2013"]
[Site "?"]
[Date "2013.04.21"]
[Round "9"]
[White "du Maire, Jérôme"]
[Black "Kottwitz, Daniel"]
[Result "1/2-1/2"]
[WhiteElo "1985"]
[BlackElo "1887"]
[PlyCount "62"]
[EventDate "2013.??.??"]
[WhiteTeam "SV 1861 Liebschwitz"]
[BlackTeam "Schachzirkel Elstertal Langenberg"]

1. d4 f5 2. Nf3 e6 3. g3 Nf6 4. Bg2 d5 5. O-O Bd6 6. c4 c6 7. Qc2 O-O 8. Nc3
Qe8 9. Rb1 Qh5 10. b4 Ne4 11. b5 Nxc3 12. Qxc3 f4 13. gxf4 Bxf4 14. e3 Bd6 15.
Ne5 Nd7 16. f4 Bxe5 17. dxe5 Nb6 18. cxd5 cxd5 19. Ba3 Rd8 20. Be7 Re8 21. Bc5
Na4 22. Qd4 Nxc5 23. Qxc5 b6 24. Qc7 Qf7 25. Rbc1 Re7 26. Qd8+ Re8 27. Qd6 Qd7
28. Rc6 Rd8 29. Qb4 Bb7 30. Rd6 Qe8 31. Rc1 Rdc8 1/2-1/2

[Event "Thüringenliga 2012/2013"]
[Site "?"]
[Date "2013.04.21"]
[Round "9"]
[White "Sobolevsky, Leonid"]
[Black "Hermannsdörfer, Frank"]
[Result "1-0"]
[WhiteElo "2089"]
[BlackElo "2137"]
[PlyCount "107"]
[EventDate "2013.??.??"]
[WhiteTeam "Schachzirkel Elstertal Langenberg"]
[BlackTeam "SV 1861 Liebschwitz"]

1. e4 d6 2. d4 Nf6 3. Nc3 c6 4. h3 b5 5. a3 e5 6. Nf3 Qc7 7. Bg5 Nbd7 8. Bd3 a6
9. O-O h6 10. Be3 Be7 11. a4 Bb7 12. Ne2 exd4 13. Nexd4 c5 14. Nf5 c4 15. Nxg7+
Kf8 16. Nf5 cxd3 17. cxd3 Ne5 18. N3d4 b4 19. Nxe7 Qxe7 20. Nf5 Qe6 21. Qd2 a5
22. Bxh6+ Kg8 23. Qg5+ Ng6 24. Bg7 Ne8 25. Bxh8 Kxh8 26. Rac1 Rc8 27. Rxc8 Bxc8
28. Rc1 Bd7 29. Rc4 Ne5 30. Rd4 Qg6 31. Qh4+ Qh7 32. Qe7 Qg8 33. Kf1 Be6 34.
Rxd6 Ng6 35. Qg5 Nxd6 36. Nxd6 Qg7 37. f4 Qd4 38. Qd8+ Kh7 39. Nxf7 Bd7 40.
Ng5+ Kh6 41. Nf3 Qxd3+ 42. Kf2 Qc2+ 43. Kg3 Qc6 44. Qg5+ Kh7 45. f5 Qd6+ 46.
Kf2 Qc5+ 47. Kf1 Qc4+ 48. Kg1 Qc5+ 49. Kh1 Nf8 50. e5 Bc6 51. f6 Ne6 52. Qf5+
Kh8 53. Qxe6 Bxf3 54. Qe8+ 1-0

[Event "Thüringenliga 2012/2013"]
[Site "?"]
[Date "2013.04.21"]
[Round "9"]
[White "Frommelt, Hans-Jürgen"]
[Black "Gerhardt, Frank"]
[Result "1-0"]
[WhiteElo "1965"]
[BlackElo "2014"]
[PlyCount "63"]
[EventDate "2013.??.??"]
[WhiteTeam "Schachzirkel Elstertal Langenberg"]
[BlackTeam "SV 1861 Liebschwitz"]

1. e4 c5 2. Nf3 Nc6 3. d4 cxd4 4. Nxd4 Nf6 5. Nc3 e5 6. Ndb5 d6 7. a4 a6 8. Na3
Be6 9. Bg5 Be7 10. Qd2 h6 11. Bxf6 Bxf6 12. Nc4 Rc8 13. Nxd6+ Ke7 14. Nxc8+
Qxc8 15. Nd5+ Bxd5 16. exd5 Rd8 17. Rd1 Nd4 18. c3 Bg5 19. Qd3 Ne6 20. g3 Kf8
21. h4 Be7 22. Qh7 Bc5 23. Bh3 Bxf2+ 24. Kxf2 Qc5+ 25. Ke2 Nf4+ 26. gxf4 exf4
27. Qe4 Re8 28. Be6 fxe6 29. d6 Qh5+ 30. Kd2 Qf7 31. Kc1 e5 32. Rd5 1-0

[Event "Thüringenliga 2012/2013"]
[Site "?"]
[Date "2013.04.21"]
[Round "9"]
[White "Kastner, Peter"]
[Black "Streit, Michael"]
[Result "1/2-1/2"]
[WhiteElo "1963"]
[BlackElo "1893"]
[PlyCount "65"]
[EventDate "2013.??.??"]
[WhiteTeam "SV 1861 Liebschwitz"]
[BlackTeam "Schachzirkel Elstertal Langenberg"]

1. e4 e5 2. Nf3 Nc6 3. Bb5 a6 4. Ba4 Nf6 5. O-O Be7 6. Re1 b5 7. Bb3 d6 8. c3
Bg4 9. d3 O-O 10. Nbd2 Na5 11. Bc2 c5 12. Nf1 Qc7 13. Ng3 Nc6 14. h3 Bd7 15.
Be3 a5 16. d4 c4 17. Rc1 a4 18. a3 Na5 19. Qe2 Nb3 20. Rcd1 Bc6 21. d5 Bd7 22.
Nh2 Ne8 23. Nf5 Bxf5 24. exf5 f6 25. Qg4 Nc5 26. Nf1 Rf7 27. Ng3 Bf8 28. Ne4
Nxe4 29. Bxe4 Qc8 30. Qh5 Rd7 31. Kh2 Nc7 32. g4 Na6 33. Rg1 1/2-1/2

[Event "Thüringenliga 2012/2013"]
[Site "?"]
[Date "2013.04.21"]
[Round "9"]
[White "Streit, Jürgen"]
[Black "Weiß, Werner"]
[Result "1/2-1/2"]
[WhiteElo "1710"]
[BlackElo "1997"]
[PlyCount "85"]
[EventDate "2013.??.??"]
[WhiteTeam "Schachzirkel Elstertal Langenberg"]
[BlackTeam "SV 1861 Liebschwitz"]

1. e4 d6 2. d4 Nf6 3. Nc3 c6 4. Nf3 Bg4 5. Be2 e6 6. h3 Bh5 7. Bf4 Be7 8. a4
O-O 9. O-O d5 10. exd5 Nxd5 11. Nxd5 cxd5 12. Ne5 Bxe2 13. Qxe2 Nc6 14. Nf3 Bf6
15. Rfd1 Rc8 16. c3 a6 17. Ne1 Na5 18. Nd3 Nb3 19. Ra3 Qb6 20. Ne5 Rfd8 21. Re1
Na5 22. Nd3 Nc4 23. Raa1 Be7 24. Qg4 g6 25. Bh6 Re8 26. b3 Qxb3 27. Rxe6 Bf8
28. Rxe8 Rxe8 29. Qd7 Ra8 30. Bxf8 Rxf8 31. Qxd5 Qxc3 32. Rc1 Qxd3 33. Rxc4 Qb3
34. Qc5 Rd8 35. Kh2 a5 36. d5 b6 37. Qd4 Qb1 38. g3 Qf5 39. d6 Rxd6 40. Rc8+
Qxc8 41. Qxd6 Qb7 42. Qd3 Qc6 43. Qb3 1/2-1/2

[Event "Thüringenliga 2012/2013"]
[Site "?"]
[Date "2013.04.21"]
[Round "9"]
[White "Biel, Maik"]
[Black "Schaudin, Andreas"]
[Result "1-0"]
[WhiteElo "1968"]
[BlackElo "1583"]
[PlyCount "41"]
[EventDate "2013.??.??"]
[WhiteTeam "SV 1861 Liebschwitz"]
[BlackTeam "Schachzirkel Elstertal Langenberg"]

1. d4 d5 2. c4 e6 3. Nf3 Nf6 4. Bg5 Be7 5. e3 h6 6. Bh4 c6 7. Nc3 Nbd7 8. Rc1
dxc4 9. Bxc4 Nb6 10. Bd3 Nfd5 11. Bxe7 Qxe7 12. O-O Nxc3 13. bxc3 Nd7 14. e4 b6
15. e5 Bb7 16. Nd2 O-O 17. Ne4 c5 18. Nd6 Bc6 19. f4 f5 20. Qb3 Rfd8 21. Nxf5
1-0

[Event "Thüringenliga 2012/2013"]
[Site "?"]
[Date "2013.04.21"]
[Round "9"]
[White "Janisch, Manfred"]
[Black "Birke, Andreas"]
[Result "0-1"]
[WhiteElo "1774"]
[BlackElo "2116"]
[PlyCount "32"]
[EventDate "2013.??.??"]
[WhiteTeam "Schachzirkel Elstertal Langenberg"]
[BlackTeam "SV 1861 Liebschwitz"]

1. c4 c5 2. Nc3 Nc6 3. g3 g6 4. Bg2 Bg7 5. e3 d6 6. Nge2 h5 7. d4 cxd4 8. Nxd4
Bd7 9. Rb1 Nh6 10. a3 Qc8 11. b3 Bg4 12. Qd2 Bh3 13. O-O h4 14. Nxc6 bxc6 15.
Na2 Bxg2 16. Kxg2 Qf5 0-1

[Event "Landesklasse Ost 2014/2015"]
[Site "?"]
[Date "2014.11.16"]
[Round "2"]
[White "Sack, Matthias"]
[Black "Janisch, Manfred"]
[Result "1-0"]
[WhiteElo "1963"]
[BlackElo "1744"]
[PlyCount "53"]
[EventDate "2014.??.??"]

1. e4 c5 2. c3 e6 3. d4 a6 4. Nf3 Nf6 5. Bd3 Be7 6. O-O h6 7. Qe2 d5 8. exd5
Qxd5 9. c4 Qd8 10. dxc5 Bxc5 11. Bf4 Nc6 12. Nc3 O-O 13. Rad1 Qe7 14. Rfe1 Rd8
15. Bb1 Nh7 16. Rxd8+ Qxd8 17. Rd1 Qf6 18. Bg3 Nf8 19. Ne4 Qe7 20. Nxc5 Qxc5
21. Bd6 Qh5 22. b4 f6 23. b5 Na7 24. Bxf8 Kxf8 25. Rd8+ Kf7 26. Qd3 axb5 27.
Qd6 1-0

[Event "Landesklasse Ost 2014/2015"]
[Site "?"]
[Date "2014.11.16"]
[Round "2"]
[White "Watzke, Birger"]
[Black "Hadlich, Gerald"]
[Result "1/2-1/2"]
[WhiteElo "2153"]
[BlackElo "1735"]
[PlyCount "50"]
[EventDate "2014.??.??"]

1. c4 c6 2. g3 d5 3. Bg2 Nf6 4. Nf3 Bf5 5. Qb3 Qb6 6. O-O e6 7. d3 h6 8. Be3
Qxb3 9. axb3 a6 10. Nbd2 Nbd7 11. h3 Be7 12. Kh2 O-O 13. Bf4 g5 14. Be3 e5 15.
d4 e4 16. Ne1 Bg6 17. Nb1 Bd6 18. Nc3 Kg7 19. Kg1 Rfe8 20. Nc2 Bf5 21. Bd2 Be6
22. Ne3 Nf8 23. b4 dxc4 24. Rfc1 Rad8 25. Nxe4 Nxe4 1/2-1/2

[Event "Landesklasse Ost 2014/2015"]
[Site "?"]
[Date "2014.11.16"]
[Round "2"]
[White "Bülau, Daniel"]
[Black "Streit, Michael"]
[Result "1-0"]
[WhiteElo "1598"]
[BlackElo "1924"]
[PlyCount "67"]
[EventDate "2014.??.??"]

1. e4 e5 2. Nf3 Nc6 3. Bc4 Bc5 4. c3 Nf6 5. d4 exd4 6. cxd4 Bb4+ 7. Nc3 O-O 8.
d5 Na5 9. Bd3 Re8 10. O-O Bxc3 11. bxc3 h6 12. Re1 d6 13. h3 b6 14. c4 Nb7 15.
e5 dxe5 16. Nxe5 Nc5 17. Bc2 Bb7 18. Bb2 Qd6 19. Qd4 Bc8 20. Re3 Qf8 21. Rae1
Bb7 22. Ng4 Ncd7 23. Ba4 Rxe3 24. Rxe3 Nxg4 25. Qxg4 Nc5 26. Bc2 Bc8 27. Qd4
Bd7 28. Rg3 f6 29. Qh4 Kh8 30. Rg6 Re8 31. Rxh6+ gxh6 32. Bxf6+ Kg8 33. Qg3+
Kf7 34. Qg6# 1-0

[Event "Landesklasse Ost 2014/2015"]
[Site "?"]
[Date "2014.11.16"]
[Round "2"]
[White "Schaudin, Andreas"]
[Black "Pietzsch, Gerhard"]
[Result "1/2-1/2"]
[WhiteElo "1680"]
[BlackElo "1821"]
[PlyCount "58"]
[EventDate "2014.??.??"]

1. Nf3 Nf6 2. b3 d6 3. Bb2 e5 4. d3 Be7 5. e3 O-O 6. Be2 Nc6 7. O-O b6 8. d4
exd4 9. Nxd4 Nxd4 10. Bxd4 Bb7 11. Bf3 Bxf3 12. Qxf3 Nd7 13. Nd2 Bf6 14. c3 c5
15. Bxf6 Nxf6 16. Rfd1 d5 17. Rac1 Qe7 18. Nf1 Rad8 19. Ng3 Qe6 20. Rd3 Rd7 21.
Rcd1 Rfd8 22. Qf4 h6 23. f3 Kh7 24. Kf2 g6 25. Qa4 Kg7 26. Qf4 Qe7 27. Qa4 Qe6
28. Qf4 Qe7 29. Qa4 Qe6 1/2-1/2

[Event "Landesklasse Ost 2014/2015"]
[Site "?"]
[Date "2014.11.16"]
[Round "2"]
[White "Schulz, Phillip"]
[Black "Streit, Jürgen"]
[Result "1-0"]
[WhiteElo "1737"]
[BlackElo "1742"]
[PlyCount "79"]
[EventDate "2014.??.??"]

1. d4 d5 2. Nf3 Bf5 3. g3 Nf6 4. Bg2 e6 5. O-O Bd6 6. c4 c6 7. Nc3 Nbd7 8. b3
h6 9. Bb2 O-O 10. Nd2 Bb4 11. a3 Bxc3 12. Bxc3 Rc8 13. Rc1 Re8 14. Re1 Ne4 15.
Nxe4 dxe4 16. e3 Nf6 17. Qc2 b6 18. h3 a5 19. Kh2 Qe7 20. Ra1 Qc7 21. b4 h5 22.
Kg1 Ra8 23. c5 a4 24. cxb6 Qxb6 25. Bb2 Rec8 26. Rac1 Qb5 27. Qe2 Qd5 28. Rc3
Qd7 29. Rec1 Nd5 30. Rc5 Ne7 31. Qxh5 Bg6 32. Qe2 f5 33. Qc2 Bf7 34. Bf1 Rd8
35. b5 e5 36. bxc6 Qc8 37. dxe5 Rd5 38. Rxd5 Bxd5 39. c7 Ra7 40. Qc5 1-0

[Event "Landesklasse Ost 2014/2015"]
[Site "?"]
[Date "2014.11.16"]
[Round "2"]
[White "Espig, Christian"]
[Black "Pietsch, Karsten"]
[Result "0-1"]
[WhiteElo "1548"]
[BlackElo "1730"]
[PlyCount "60"]
[EventDate "2014.??.??"]
[WhiteTeam "Schachzirkel Elstertal Langenberg"]
[BlackTeam "SV Hermsdorf"]

1. d4 d5 2. c4 c6 3. Nc3 Nf6 4. Nf3 e6 5. c5 b6 6. cxb6 axb6 7. e3 Ba6 8. Bxa6
Nxa6 9. O-O Bd6 10. Bd2 O-O 11. a3 Ne4 12. Qc2 f5 13. Ne1 Nb8 14. f4 Qc7 15.
Nf3 Nd7 16. Nxe4 fxe4 17. Ne5 c5 18. Nxd7 Qxd7 19. Bc3 Rfc8 20. Qd2 Qa4 21. b3
Qd7 22. Bb2 Qb5 23. dxc5 bxc5 24. Qc3 Rc7 25. Rab1 Rb7 26. Bc1 Be7 27. Qc2 c4
28. b4 Bf6 29. Rf2 c3 30. Rb3 Qc4 0-1

[Event "Landesklasse Ost 2014/2015"]
[Site "?"]
[Date "2014.11.16"]
[Round "2"]
[White "Baulig, Manuel"]
[Black "Nestler, Klaus"]
[Result "1/2-1/2"]
[WhiteElo "1561"]
[BlackElo "1487"]
[PlyCount "105"]
[EventDate "2014.??.??"]

1. d4 e6 2. c4 d5 3. Nc3 Nf6 4. Bg5 Be7 5. Nf3 a6 6. e3 O-O 7. Rc1 Nbd7 8. cxd5
exd5 9. Bd3 c6 10. O-O Nh5 11. Bxe7 Qxe7 12. Qc2 Nhf6 13. Rfe1 Nb6 14. e4 dxe4
15. Nxe4 g6 16. Qd2 Qd8 17. h3 Kg7 18. Nxf6 Qxf6 19. Re4 Nd5 20. Rh4 Rh8 21.
Qh6+ Kg8 22. Re1 Be6 23. Ng5 Re8 24. Nxe6 Rxe6 25. Rxe6 Qxe6 26. Re4 Qc8 27.
Bc4 f5 28. Re7 Qf8 29. Qxf8+ Kxf8 30. Rxb7 a5 31. Ra7 a4 32. Bxd5 cxd5 33. Rxa4
Kg7 34. Ra7+ Kh6 35. Rd7 Ra8 36. Rxd5 Rxa2 37. b4 Rb2 38. b5 Kg5 39. Kf1 Kf4
40. Rd7 h5 41. Rd6 g5 42. b6 Ke4 43. Kg1 g4 44. Rh6 f4 45. d5 g3 46. fxg3 fxg3
47. Rf6 Ke5 48. Rf3 h4 49. Kf1 Kxd5 50. Rf4 Rb1+ 51. Ke2 Rb2+ 52. Kf1 Rxb6 53.
Rxh4 1/2-1/2

[Event "Landesklasse Ost 2014/2015"]
[Site "?"]
[Date "2014.11.16"]
[Round "2"]
[White "Schmidt, Frank"]
[Black "Sperhake, Franz"]
[Result "0-1"]
[WhiteElo "1384"]
[BlackElo "1480"]
[PlyCount "92"]
[EventDate "2014.??.??"]

1. d4 Nf6 2. c4 c5 3. d5 e6 4. Nc3 exd5 5. cxd5 d6 6. e4 g6 7. Bd3 Bg7 8. Bd2
O-O 9. Nf3 Bg4 10. O-O a6 11. h3 Bxf3 12. Qxf3 Nfd7 13. Qe2 Ne5 14. Bc2 b5 15.
f4 Nc4 16. Rab1 Nd7 17. Be1 Ndb6 18. Bd3 Bd4+ 19. Kh1 Qf6 20. f5 Qg5 21. Rf3
Be5 22. b3 Na3 23. Rd1 c4 24. bxc4 Naxc4 25. Nb1 Nb2 26. Bd2 Qh4 27. Rdf1 Nxd3
28. Qxd3 Nd7 29. Be1 Qg5 30. Bf2 Rac8 31. Be3 Qh4 32. Qd2 Qxe4 33. Bh6 Rc2 34.
Qg5 f6 35. Qg4 Qxg4 36. hxg4 Rfc8 37. fxg6 hxg6 38. a3 g5 39. Kg1 Bd4+ 40. Kh2
Kh7 41. Bxg5 fxg5 42. Rf7+ Kg6 43. Rxd7 Be5+ 44. Kg1 Rh8 45. Re1 Bd4+ 46. Kf1
Rh1# 0-1

[Event "Thüringenliga 2014/2015"]
[Site "?"]
[Date "2014.11.16"]
[Round "2"]
[White "Neidig, Stefan"]
[Black "Hoffmann, Tim"]
[Result "1-0"]
[WhiteElo "2154"]
[BlackElo "2007"]
[PlyCount "95"]
[EventDate "2014.??.??"]
[WhiteTeam "TSG Apolda"]
[BlackTeam "ESV Gera"]

1. d4 Nf6 2. c4 e6 3. Nf3 b6 4. g3 Ba6 5. Nbd2 c5 6. Bg2 Bb7 7. O-O Be7 8. b3
O-O 9. Bb2 Qc7 10. Rc1 d6 11. Re1 Nbd7 12. e4 cxd4 13. Nxd4 a6 14. Qe2 Rfe8 15.
g4 g6 16. Nf1 e5 17. Nc2 Nc5 18. Ng3 Ne6 19. Nb4 Nf4 20. Qf3 Rac8 21. Bf1 Nd7
22. Nd5 Bxd5 23. exd5 a5 24. Ne4 Nc5 25. Nc3 Bg5 26. Rcd1 Qd7 27. Bc1 f5 28.
gxf5 Qxf5 29. Nb5 Rcd8 30. Kh1 Rf8 31. Be3 Rf7 32. a3 Qf6 33. b4 axb4 34. axb4
Nd7 35. Ra1 Qe7 36. Ra7 Qf8 37. Qg4 Bh6 38. Qh4 Rc8 39. Rea1 Bg7 40. Rb7 Rb8
41. Rc7 Bf6 42. Qg4 h5 43. Qg3 Bd8 44. Rc6 Rf6 45. Ra7 Qe7 46. Bh3 Nxh3 47.
Qxh3 Rf7 48. Rxd6 1-0

[Event "Thüringenliga 2014/2015"]
[Site "?"]
[Date "2014.11.16"]
[Round "2"]
[White "Puschendorf, Steffen"]
[Black "Middelhoff, Cornelius"]
[Result "1-0"]
[WhiteElo "2061"]
[BlackElo "2068"]
[PlyCount "67"]
[EventDate "2014.??.??"]
[WhiteTeam "ESV Gera"]
[BlackTeam "TSG Apolda"]

1. d4 Nf6 2. c4 e6 3. g3 c5 4. d5 exd5 5. cxd5 d6 6. Bg2 g6 7. Nc3 Bg7 8. Nf3
O-O 9. O-O Re8 10. Nd2 a6 11. a4 Nbd7 12. a5 b5 13. axb6 Nxb6 14. Nb3 Nfd7 15.
Na5 Ne5 16. f4 Ng4 17. Nc6 Qc7 18. e4 Bd7 19. e5 f5 20. h3 Nh6 21. Qb3 c4 22.
Qb4 Bxc6 23. dxc6 dxe5 24. fxe5 Nf7 25. Be3 Rab8 26. Rxa6 Qxe5 27. Bf4 Qd4+ 28.
Kh2 Nd5 29. Qxb8 Rxb8 30. Bxb8 Ne3 31. c7 Nxf1+ 32. Bxf1 Qc5 33. Ra8 Qf2+ 34.
Bg2 1-0

[Event "Thüringenliga 2014/2015"]
[Site "?"]
[Date "2014.11.16"]
[Round "2"]
[White "Rohmeiß, Roberto"]
[Black "Gläßl, Matthias"]
[Result "1/2-1/2"]
[WhiteElo "2041"]
[BlackElo "2021"]
[PlyCount "64"]
[EventDate "2014.??.??"]
[WhiteTeam "TSG Apolda"]
[BlackTeam "ESV Gera"]

1. d4 Nf6 2. Nf3 e6 3. e3 b6 4. Nbd2 Bb7 5. Bd3 c5 6. c3 Be7 7. O-O O-O 8. Re1
d5 9. Qe2 Ne4 10. Nf1 Nd7 11. Ng3 Qc7 12. Nd2 Ndf6 13. Ndf1 Rfd8 14. f3 Nxg3
15. Nxg3 Bd6 16. Nf1 e5 17. dxe5 Bxe5 18. Qf2 Bd6 19. c4 dxc4 20. Bxc4 Bd5 21.
Bxd5 Nxd5 22. a3 c4 23. g3 Rac8 24. Kg2 Qc6 25. e4 Nf6 26. Qc2 Be5 27. Bd2 Rd3
28. Re3 Qd7 29. Rc1 Rxe3 30. Nxe3 b5 31. Bc3 Bxc3 32. Qxc3 Rd8 1/2-1/2

[Event "Thüringenliga 2014/2015"]
[Site "?"]
[Date "2014.11.16"]
[Round "2"]
[White "Hilbig, Dieter"]
[Black "Maiwald, Harald"]
[Result "1/2-1/2"]
[WhiteElo "1904"]
[BlackElo "1960"]
[PlyCount "66"]
[EventDate "2014.??.??"]
[WhiteTeam "ESV Gera"]
[BlackTeam "TSG Apolda"]

1. e4 c5 2. Nc3 Nc6 3. f4 g6 4. Nf3 Bg7 5. Bb5 Nd4 6. O-O Nxb5 7. Nxb5 d5 8.
exd5 a6 9. Nc3 Nf6 10. d4 c4 11. Qe2 Nxd5 12. Qxc4 Nxc3 13. Qxc3 Bg4 14. Ne5
O-O 15. Be3 Rc8 16. Qd2 Bf5 17. c3 Qd5 18. Nf3 Rfd8 19. Qf2 b5 20. Ng5 b4 21.
Rfc1 Rc4 22. Nf3 bxc3 23. Rxc3 Be4 24. Rxc4 Qxc4 25. Nd2 Qc2 26. Nxe4 Qxe4 27.
Rc1 Bxd4 28. Bxd4 Rxd4 29. Re1 Qd5 30. Rxe7 Rd1+ 31. Re1 Rd2 32. Re2 Rd1+ 33.
Re1 Rd2 1/2-1/2

[Event "Thüringenliga 2014/2015"]
[Site "?"]
[Date "2014.11.16"]
[Round "2"]
[White "Goemann, Jens"]
[Black "Senf, Paul"]
[Result "1/2-1/2"]
[WhiteElo "2082"]
[BlackElo "1673"]
[PlyCount "59"]
[EventDate "2014.??.??"]
[WhiteTeam "TSG Apolda"]
[BlackTeam "ESV Gera"]

1. c4 Nf6 2. g3 g6 3. Bg2 Bg7 4. Nf3 O-O 5. O-O d6 6. Nc3 e5 7. d3 Nc6 8. Rb1
Nh5 9. b4 f5 10. b5 Ne7 11. Qb3 Kh8 12. Ba3 h6 13. c5 Rf6 14. Rfc1 Be6 15. Qb4
Nd5 16. Nxd5 Bxd5 17. cxd6 cxd6 18. Rc2 g5 19. e4 fxe4 20. dxe4 Bg8 21. Rd1 Qb6
22. Rxd6 Rxd6 23. Qxd6 Qxb5 24. Bb2 Bxa2 25. Nxe5 Qb3 26. Rd2 Qe6 27. Bf3 Nf6
28. Qxe6 Bxe6 29. Rd6 Re8 30. Bg2 1/2-1/2

[Event "Thüringenliga 2014/2015"]
[Site "?"]
[Date "2014.11.16"]
[Round "2"]
[White "Steinmüller, Johannes"]
[Black "Carnot, Luca"]
[Result "1-0"]
[WhiteElo "1715"]
[BlackElo "1631"]
[PlyCount "59"]
[EventDate "2014.??.??"]
[WhiteTeam "ESV Gera"]
[BlackTeam "TSG Apolda"]

1. e4 c5 2. Nf3 Nc6 3. d4 cxd4 4. Nxd4 g6 5. Nc3 Bg7 6. Be3 Nf6 7. Bc4 Qa5 8.
O-O O-O 9. Bb3 d6 10. h3 Rd8 11. f4 Nxd4 12. Bxd4 e5 13. Be3 Be6 14. f5 gxf5
15. exf5 Bxb3 16. axb3 Qb4 17. Ra4 Qxa4 18. bxa4 d5 19. Bg5 d4 20. Bxf6 Bxf6
21. Ne4 Bg7 22. f6 Bh6 23. Qh5 Be3+ 24. Kh1 Kh8 25. Qxf7 Rg8 26. Qh5 Raf8 27.
Qxe5 Re8 28. Nd6 Ref8 29. f7+ Rg7 30. Ne8 1-0

[Event "Thüringenliga 2014/2015"]
[Site "?"]
[Date "2014.11.16"]
[Round "2"]
[White "Kupper, Matthias"]
[Black "Steiger, Jürgen"]
[Result "0-1"]
[WhiteElo "1738"]
[BlackElo "1929"]
[PlyCount "92"]
[EventDate "2014.??.??"]
[WhiteTeam "ESV Gera"]
[BlackTeam "TSG Apolda"]

1. e4 e5 2. Nf3 Nc6 3. Bc4 Bc5 4. c3 Nf6 5. d3 O-O 6. O-O d5 7. exd5 Nxd5 8. b4
Be7 9. Re1 Bf6 10. Bb2 Bg4 11. a3 Nf4 12. Re3 Ne7 13. Qb3 Bxf3 14. Rxf3 Qd7 15.
a4 Rad8 16. h3 Nf5 17. d4 Nh4 18. Rxf4 exf4 19. Nd2 f3 20. gxf3 Qxh3 21. Bf1
Nxf3+ 22. Nxf3 Qxf3 23. Bg2 Qg4 24. Rd1 Rfe8 25. Bc1 Re2 26. Be3 Bg5 27. Bxg5
Qxg5 28. Qc4 Re7 29. Kf1 b6 30. b5 h5 31. Qd3 Qf4 32. Qh3 g6 33. Kg1 Kg7 34.
Bc6 Re2 35. Qf1 Ra2 36. Re1 Rxa4 37. Re3 Rd6 38. Rf3 Qd2 39. Rd3 Qb2 40. Kh2
Rf6 41. Kg3 Ra2 42. Rf3 Rxf3+ 43. Kxf3 Qxc3+ 44. Ke4 Rd2 45. d5 Rd4+ 46. Ke5
Rd1+ 0-1